| 000 | 00720nam a2200181 a 4500 | ||
|---|---|---|---|
| 003 | 0 | ||
| 005 | 20250208124849.0 | ||
| 008 | 130116s19uu xx 00 eng d | ||
| 050 |
_aPHS TD 427.M4 _b.M397 2012 |
||
| 100 | _aMasias, Rene Mark Steven G. | ||
| 245 |
_aEffectiveness of Oreochromis niloticus niloticus (tilapia) scales and Chanos chanos forsskal (bangus) scales in copper adsorption / / _cRene Mark Steven G. Masias. |
||
| 260 |
_aLas PiƱas City, Philippines : _bSouthville International School and Colleges, _c2012. |
||
| 300 |
_a46 pages : _billustrations ; _c28 cm. |
||
| 504 | _aIncludes bibliographical references. | ||
| 650 |
_aCopper _xAnalysis |
||
| 650 |
_aScales (Fishes) _xUsage |
||
| 942 |
_2lcc _cPASS |
||
| 999 |
_c98822 _d98822 |
||